000 00324nam a2200133Ia 4500
005 20251222153549.0
008 251222s9999||||xx |||||||||||||| ||spa||
082 _a331.11/H43
100 _aHernández, Zoila
245 0 _aEl Coraje de las Mineras
250 _a1ra.ed.
264 _bAsociación Aurora Vivar
942 _cLIB
999 _c30771
_d30771